Revista Derecho Penitenciario

Detalles Bibliográficos
Formato: eBook
Lenguaje:español
Publicado: Bogot:̀ Universidad Mayor, 2012 -
Materias:
Acceso en línea:Acceso restringido

MARC

LEADER 00000nam a22000007a 4500
005 20140630174541.0
007 cr|||| ||||
008 140630c2012 co fr|| s|||| 0|||b1spa d
035 |a 12225 
040 |a vLex 
090 |c 5006  |d 5006 
245 0 0 |a Revista Derecho Penitenciario  |h [Recurso electrn̤ico]  
256 |a Servicio en ln̕ea 
260 |a Bogot:̀  |b Universidad Mayor,  |c 2012 - 
300 |a 1 recurso electrn̤ico 
310 |a Semestral 
506 1 |a Contenido solo disponible en los productos indicados  |d vLex Global  |d vLex Global (Academic Edition, excluding Law Schools)  |d vLex Global (U.S. Academic Edition, Law Schools)  |d vLex Global (U.S. Academic Edition, excluding Law Schools)  |d vLex Global (Academic Edition, Law Schools) 
650 0 4 |a Derecho penitenciario  |z Colombia 
740 0 |a vLex Revistas (Servicio en ln̕ea) 
856 4 0 |u http://vlex.com/source/revista-derecho-penitenciario-12225  |z Acceso restringido 
942 |c REV 
999 0 |a Correctional law